000 00711nam a2200169 a 4500
008 160819s2015 ||||||||||||||||| || u
050 _aCBU-PG THESIS/CHI
100 _aChitibwi, Forrest
245 1 0 _aInvestigating reflective practice by Mathematics Teachers and pupils in a Mathematics classroom practice.
_cby Forrest Chitibwi
260 _aKitwe
_bCopperbelt University
_c2015
300 _axvi, 170p.: ill.
500 _aBibliography
650 0 _aEFFECTIVE TEACHING
650 0 _aMATHEMATICS TEACHERS--TRAINING OF
650 0 _aMATHEMATICS--STUDY AND TEACHING
995 _FCBU-MAIN LIBRARY (Kitwe)
_M1
_UAVAILABLE
_WAug 19, 2016
_ZUniversity Collection
999 _c48162
_d48162